000 00674nam a2200277Ia 4500
005 20260324133957.0
008 008 260324s9999 xx 000 0 eng d
020 _a9780429129094
037 _aEBOOK
040 _aCRL
040 _beng
040 _cCRL
041 _2eng
041 _aeng
084 _qCRL
100 _aNick Van Bruggen; Timothy P.L. Roberts
_91195110
245 0 _aBiomedical Imaging in Experimental Neuroscience
260 _bTaylor and Francis
260 _c2002
365 _a
365 _b120
856 _uhttp://www.taylorfrancis.com/books/9780429129094
942 _cEBOOK
999 _c1794707
_d1794707